| 000 | 00377nam a22001217a 4500 | ||
|---|---|---|---|
| 003 | NUST | ||
| 082 |
_a348.5491046 _bPAK |
||
| 245 |
_aPakistan Annual Law Digest 2019: _bdigest cases reported in law journals published in Pakistan / _cEdited by Muhammad Anwar Khokhar |
||
| 260 |
_aLahore : _bP.L.D Publishers, _c2019. |
||
| 300 | _avolume | ||
| 563 | _aH.B. | ||
| 942 |
_2ddc _cCR _s1 |
||
| 999 |
_c593024 _d593024 |
||